000 00814nam a2200193 a 4500
001 000022297
005 20200930011656.0
008 100922s2002 dr ac 000 0 spa d
020 _a9993402915
040 _aDO-SdBNP
_bspa
_cBNPHU
082 _axxx
_bC749h
100 1 _aBatista del Villar, Guarocuya
_eed.
_920408
111 2 _aCongreso nacional y V jornada caribeña de hipertensión arterial
_n(2a :
_d2001 may. - jun. 30-2 :
_cSanto Domingo)
_946056
245 1 3 _aLa hipertensión arterial en los albores del tercer milenio :
_bdetención, patofisiología, diagnóstico y tratamientos comunitario e individual /
_ceditor Guarocuya Batista del Villar.
260 _aSanto Domingo :
_bWHL,
_c2002.
300 _a128 p. :
_bil. ; retrs. ;
_c28 cm.
710 2 _aLiga Mundial de Hipertensión
_946057
049 _aBNPD
999 _c21795
_d21795